000 00442nam a22001817a 4500
003 koha_MIRAKIL
005 20231213095625.0
008 231213b |||||||| |||| 00| 0 ||| d
020 _b978-9-75774440-5
040 _aTR-IsEVY
_btur
_cTR-IsEVY
082 _a620 AKD/F
100 _aAKDAĞ, MUSTAFA.
245 0 _aFEN VE TEKNOLOJİ SÖZLÜĞÜ.
260 _bTöv,
_c1996
300 _a327.
650 _aMühendislik.
942 _2ddc
_cBK
999 _c6734
_d6734